ბათუმის შოთა რუსთაველის სახელმწიფო უნივერსიტეტის ბიბლიოთეკა

"Homo Ludens. В тени завтрашнего дня" / (ბიბ.ჩანაწერი № 61210)

000 -LEADER
fixed length control field 00646nam a22001697a 4500
005 - DATE AND TIME OF LATEST TRANSACTION
control field 20240108153325.0
008 - FIXED-LENGTH DATA ELEMENTS--GENERAL INFORMATION
fixed length control field 240108s1192 ru ||||| |||| 00| 0 rus d
041 ## - LANGUAGE CODE
Language code of text/sound track or separate title rus
080 ## - UNIVERSAL DECIMAL CLASSIFICATION NUMBER
Universal Decimal Classification number 1(492) X-35
100 ## - MAIN ENTRY--PERSONAL NAME
Personal name Хейзинга, Йохан
9 (RLIN) 20957
245 ## - TITLE STATEMENT
Title "Homo Ludens. В тени завтрашнего дня" /
Statement of responsibility, etc. Пер. с нидерладского и примечания В.В. Ошиса.
264 ## - PRODUCTION, PUBLICATION, DISTRIBUTION, MANUFACTURE, AND COPYRIGHT NOTICE
Place of production, publication, distribution, manufacture Москва :
Name of producer, publisher, distributor, manufacturer Прогресс,
Date of production, publication, distribution, manufacture, or copyright notice 1992.
300 ## - PHYSICAL DESCRIPTION
Extent 464 с.
Other physical details 21 см.
653 ## - INDEX TERM--UNCONTROLLED
keyword ფილოსოფია
700 ## - ADDED ENTRY--PERSONAL NAME
Personal name Ошиса, В.В.
Relator term მთარგმნელი
9 (RLIN) 20958
942 ## - ADDED ENTRY ELEMENTS (KOHA)
Source of classification or shelving scheme
Koha item type წიგნი
ეგზემპლარები
Withdrawn status Lost status Source of classification or shelving scheme Damaged status Not for loan Permanent Location Current Location Shelving location Date acquired Cost, normal purchase price Full call number Barcode Date last seen Copy number Uniform Resource Identifier Price effective from Koha item type Public note
          ბათუმის შოთა რუსთაველის სახელმწიფო უნივერსიტეტის მთავარი ბიბლიოთეკა ბათუმის შოთა რუსთაველის სახელმწიფო უნივერსიტეტის მთავარი ბიბლიოთეკა წიგნსაცავი 2024-01-08 7.00 1(492) X-35 65714 2024-01-08 65714 ბსუ-ს საპატიო დოქტორის გურამ ლორთქიფანიძის საჩუქარი 2024-01-08 წიგნი 7 ლ.